Los incendios (Record no. 164077)
[ view plain ]
| 000 -LEADER | |
|---|---|
| campo de control de longitud fija | 00941nam a22001935i 4500 |
| 001 - NÚMERO DE CONTROL | |
| campo de control | 164077 |
| 003 - IDENTIFICADOR DE NÚMERO DE CONTROL | |
| campo de control | ES-MaACL |
| 005 - FECHA Y HORA DE LA ÚLTIMA TRANSACCIÓN | |
| campo de control | 20230906212852.0 |
| 008 - DATOS DE LONGITUD FIJA--INFORMACIÓN GENERAL | |
| campo de control de longitud fija | 991115s1875 sp a |||| | spa d |
| 040 ## - FUENTE DE CATALOGACIÓN | |
| Centro catalogador/agencia de origen | CCPB | B |
| Lengua de catalogación | spa |
| Centro/agencia transcriptor | CCPB | B |
| 100 1# - ENTRADA PRINCIPAL--NOMBRE DE PERSONA | |
| Nombre de persona | Rubau Donadeu, José. |
| 9 (RLIN) | 132142 |
| 245 14 - MENCIÓN DEL TÍTULO | |
| Título | Los incendios |
| Resto del título | : guía práctica del fabricante para el empleo de los medios preservativos de los incendios de los establecimientos industriales ... / |
| Mención de responsabilidad, etc. | arreglada a las necesidades de la industria española por José Rubau Donadeu. |
| 260 ## - PUBLICACIÓN, DISTRIBUCIÓN, ETC. | |
| Lugar de publicación, distribución, etc. | Barcelona : |
| Nombre del editor, distribuidor, etc. | José Rubau Donadeu ; |
| Lugar de publicación, distribución, etc. | La Habana : |
| Nombre del editor, distribuidor, etc. | imprenta, librería, encuadernaciones, papeles La Propaganda Literaria, |
| Fecha de publicación, distribución, etc. | 1875 ( |
| Lugar de fabricación/manufactura | Madrid : |
| Fabricante | Litografía, Julio Rubau Donadeu) |
| 300 ## - DESCRIPCIÓN FÍSICA | |
| Extensión | 232, [2] p., [16] h. de grab. ; |
| Dimensiones | 20 cm. |
| 510 4# - NOTA DE CITAS O REFERENCIAS BIBLIOGRÁFICAS | |
| Nombre de la fuente | Palau, |
| Localización dentro de la fuente | 2801211 |
| 599 #1 - NOTA A LAS ILUSTRACIONES | |
| NOTA A LAS ILUSTRACIONES | Las h. de grab. son lit. |
| 650 04 - PUNTO DE ACCESO ADICIONAL DE MATERIA--TÉRMINO DE MATERIA | |
| Término de materia o nombre geográfico como elemento de entrada | Incendios- |
| Subdivisión general | Prevención. |
| 9 (RLIN) | 13647 |
| 852 ## - LOCALIZACIÓN | |
| Ubicación | ES-MaACL |
| Número de control de estantería | G-12286 |
| Nota libre | -- Enc. cartón |
| Estatus retirado | Estado de pérdida | Estado de daño | No para préstamo | Colección | Biblioteca de origen | Biblioteca actual | Ubicación en estantería | Fecha de adquisición | Total de préstamos | Signatura topográfica completa | Código de barras | Visto por última vez | Precio de reemplazo | Tipo de ítem Koha |
|---|---|---|---|---|---|---|---|---|---|---|---|---|---|---|
| Libros del s. XIX | Biblioteca del Ateneo de Madrid | Biblioteca del Ateneo de Madrid | Sala Pecera Planta 3 | 17/01/2008 | G-12286 | 1171962 | 23/02/2023 | 23/02/2023 | Libro impreso antiguo |
